000 01196nam a2200325 i 4500
001 000026490
003 DO-SdBNP
005 20260211132008.0
007 ta
008 110321s2010 dr c 001 0 spa d
020 _z9789945163092
040 _aDO-SdBNP
_bspa
_cBNPHU
_erda
041 _aspa
082 4 _a920.71
_bC183c 2010
_222
100 1 _aCamilo, Antonio Manuel,
_eautor
_4aut.
_99259
245 1 3 _aEl cáncer que me dio la paz II :
_b(diario sobre un cáncer recurrente) /
_cAntonio Manuel Camilo ; prólogo, Pedro Camilo.
264 1 _aSanto Domingo :
_bEditora Búho,
_c2010.
300 _a304 páginas :
_bretratos ;
_c23 cm.
336 _atexto
_btxt
_2rdacontent
337 _asin mediación
_bn
_2rdamedia
338 _avolumen
_bnc
_2rdacarrier
500 _aIncluye datos biográficos del autor en la solapa de la cubierta
500 _aIncluye referencias bibliográficas y notas al pie de las páginas
590 _aInventariado, 2019/ YL
600 1 4 _aCamilo, Antonio Manuel,
_d1950-
_97753
651 4 _aRepública Dominicana
_xBiografías
_91325
700 1 _aCamilo, Pedro,
_eprologuista
_4pr.
_97754
910 _aValidado. Control de calidad MFF
942 _2ddc
_cLBS1
999 _c25982
_d25982